| 000 | 01996cam a22004214i 4500 | ||
|---|---|---|---|
| 003 | PE-LiUPU | ||
| 005 | 20250731184056.0 | ||
| 008 | 150617s r 000 0 d | ||
| 020 | _a8424910540 | ||
| 035 | _a(Sirsi) i9788424910549 | ||
| 040 |
_aPE-LiUPU _bspa _cPE-LiUPU _erda |
||
| 049 | _aPRUA | ||
| 082 | 0 | 4 |
_a801.95 _bC87 _221 |
| 100 | 1 |
_aCros, Edmond, _eautor. |
|
| 245 | 1 | 0 |
_aLiteratura, ideología y sociedad / _cEdmond Cros. |
| 264 | 1 |
_aMadrid : _bEditorial Gredos, _c1986. |
|
| 300 |
_a309 páginas ; _c19 centímetros |
||
| 336 |
_atext _2rdacontent |
||
| 337 |
_aunmediated _2rdamedia |
||
| 338 |
_avolume _2rdacarrier |
||
| 490 | 0 | _aBiblioteca Románica hispánica | |
| 505 | 0 | _aDe la sociología esperimental al estructuralismo genético -- La literatura como sistema modelizante secundario y como forma ideológica -- Prácticas y formaciones discursivas -- Por una semiología de lo ideológico -- Funcionamientos textuales -- Relato y personajes como categorías textuales -- Aportaciones al estudio de la formación discursiva en el siglo de oro -- Ideología y genética textual -- Sociocrítica y antropología cultural -- Formaciones ideológicas y formaciones discursivas en la literatura mexicana contemporanea. | |
| 526 | _aP145 | ||
| 526 | _aP127 | ||
| 526 | _aP97 | ||
| 526 | _aP14 | ||
| 526 | _aP07 | ||
| 650 | 0 | 4 |
_aLiteratura española _ySiglo XVI-XVII _xHistoria y crítica. |
| 650 | 0 | 4 |
_aLiteratura mexicana _ySiglo XX _xHistoria y crítica. |
| 650 | 0 | 4 | _aLiteratura y sociedad. |
| 910 |
_ajck _bjvq _cjck _d20150616 |
||
| 942 |
_2ddc _cBOOK |
||
| 949 |
_a801.95 C87 _wDEWEY _c1 _i29598 _lCCODEBUL1 _mBUL _r0 _sY _tBOOK _u2015-4-22 _xEDUCACION _zUNKNOWN _0COMPRA _o.STAFF. Colección General |
||
| 994 |
_aC0 _bPEPRU |
||
| 596 | _a1 | ||
| 999 |
_a801.95 C87 _wDEWEY _c19957 _i29598 _f2021-11-5 _g5 _lCCODEBUL1 _mBUL _r0 _sY _tBOOK _u2015-4-22 _xBIBLIOTECA _zUNKNOWN _0COMPRA _o.STAFF. Colección General _d19957 |
||
| 980 |
_81 _gALBERTO SANCHEZ Responsable de Automatización |
||